Statistics for Virgin Trains - London Euston to Glasgow Central #1

Click here to take the quiz!

General Stats

  • This quiz has been taken 171 times
  • The average score is 5 of 7

Answer Stats

#AreaStation% Correct
1LondonLondon Euston
99%
4PrestonPreston
75%
7GlasgowGlasgow Central
74%
6CarlisleCarlisle
70%
3WiganWigan North Western
70%
5PrestonLancaster
35%
2ManchesterWarrington Bank Quay
35%

Score Distribution

Percentile by Number Answered

Percent of People with Each Score

Your Score History

You have not taken this quiz